000 00490nam a2200169Ia 4500
008 230917s9999||||xx |||||||||||||| ||und||
020 _cRS995
040 _e255239
_aMAIN
041 _aEnglish
082 _a891.2109 M687P
100 _aMishr, Mukesh Kumar
245 0 _aPurvararti kavyashashtariaya avdharna tatha shraparkasha
260 _aDelhi
_bParimal Publications
_c2018
300 _axxxvii, 680 p.
500 _a3458 08/04/2019 HBD19/4003 28/03/2019 Sanskrit SAP
942 _cBK
999 _c30948
_d30948